000 00640cam a22002293a 4500
001 411
003 PGUSA
005 20140828082948.0
008 960101s1996||||xxu|||||s|||||000 1 eng d
040 _aPGUSA
_beng
042 _adc
050 4 _aPS
100 1 _aDavis, Richard Harding,
_d1864-1916
245 1 4 _aThe King's Jackal
_h[electronic resource] /
_cRichard Harding Davis
260 _bProject Gutenberg,
_c1996
506 _aPublic domain in the USA.
516 _aElectronic text
653 _aKings and rulers -- Fiction
830 0 _aProject Gutenberg
_v411
856 4 0 _uhttp://www.gutenberg.org/ebooks/411
942 _cEB
999 _c229762
_d229762